[Event "Dhaka Zia Memorial"]
[Site "Dhaka"]
[Date "2025.07.07"]
[Round "4"]
[White "Ahnaf Rashid, Chowdhury"]
[Black "Dipteman, Roy"]
[Result "0-1"]
[WhiteElo "1897"]
[BlackElo "1907"]
[PlyCount "92"]
[EventDate "2025.07.05"]
[EventType "swiss"]
[EventRounds "9"]
[EventCountry "BAN"]
[SourceTitle "CB29_2025"]
[SourceDate "2025.07.16"]
[SourceVersion "1"]
[SourceVersionDate "2025.07.16"]
[SourceQuality "1"]

1. d4 f5 2. c4 e6 3. Nc3 Nf6 4. Nf3 Bb4 5. g3 0-0 6. Bg2 d5 7. 0-0 Be7 8. Ne5 c5 9. dxc5 d4 10. Na4 Qa5 11. Bd2 Qc7 12. Bf4 Qa5 13. c6 Ne4 14. h4 Nxc6 15. Nxc6 bxc6 16. c5 Bxc5 17. a3 Bb6 18. b4 Qd5 19. Rc1 e5 20. Bg5 Qe6 21. g4 h6 22. Bd2 Ba6 23. Qc2 Ng3 24. fxg3 d3+ 25. Nxb6 dxc2 26. Nxa8 Rxa8 27. Rxc2 Bxe2 28. Rfc1 Bxg4 29. Rxc6 Qd7 30. Be3 Kh7 31. Rc7 Qd3 32. R7c3 Qd8 33. Bxa8 Qxa8 34. Rc6 Qd8 35. Bxa7 f4 36. Bf2 Qd2 37. R6c2 Qd3 38. Rc3 Qe4 39. gxf4 exf4 40. Re1 Qg6 41. Kh2 f3 42. Bg3 Qf6 43. Rc2 Qf5 44. Rc3 Qd5 45. Rc7 Qd2+ 46. Kg1 Qg2# 0-1